[Event "DSOL 05 Liga Gr-D 1st"]
[Site "Playchess.com INT"]
[Date "2020.08.13"]
[Round "2.3"]
[White "Teegen, Jelte"]
[Black "Gissler, Thomas"]
[Result "0-1"]
[WhiteElo "1245"]
[BlackElo "1699"]
[PlyCount "62"]
[EventDate "2020.06.22"]
[EventType "team-tourn (rapid)"]
[EventCountry "GER"]
[SourceTitle "EXT 2021"]
[Source "ChessBase"]
[SourceDate "2020.10.23"]
[SourceVersion "1"]
[SourceVersionDate "2020.10.23"]
[SourceQuality "1"]
[WhiteTeam "Segeberg SF II"]
[BlackTeam "Zell Schwarz Weiss"]
[WhiteTeamCountry "GER"]
[BlackTeamCountry "GER"]

1. e4 c6 2. Nf3 d5 3. exd5 cxd5 4. d4 Nf6 5. Bb5+ Nc6 6. Ne5 Qb6 7. Nc3 Bf5 8. Bf4 a6 9. Bxc6+ bxc6 10. Na4 Qa5+ 11. c3 Qb5 12. Rc1 e6 13. c4 Bb4+ 14. Nc3 dxc4 15. a4 Bxc3+ 16. bxc3 Qb3 17. Nxc6 Qb7 18. d5 Nxd5 19. Na5 Qc8 20. Qd4 Nxf4 21. Qxf4 Bd3 22. Qd4 Rb8 23. Qxg7 Rf8 24. Rd1 Qc5 25. Rxd3 cxd3 26. Qg3 Rb1+ 27. Kd2 Rxh1 28. Qf3 Qxa5 29. Qc6+ Ke7 30. Qb7+ Kf6 31. Qf3+ Qf5 0-1

[Event "Baden-ch op U1800"]
[Site "Haslach im Kinzigtal"]
[Date "2010.06.02"]
[Round "3"]
[White "Gissler, Thomas"]
[Black "Bergen, Dietmar"]
[Result "1/2-1/2"]
[WhiteElo "1594"]
[BlackElo "1703"]
[PlyCount "108"]
[EventDate "2010.05.31"]
[EventType "swiss"]
[EventRounds "7"]
[EventCountry "GER"]
[SourceTitle "EXT 2011"]
[Source "ChessBase"]
[SourceDate "2010.11.26"]
[SourceVersion "1"]
[SourceVersionDate "2010.11.26"]
[SourceQuality "1"]

1. e4 Nf6 2. Nc3 d5 3. exd5 Nxd5 4. Ne4 Bf5 5. Ng3 Bg6 6. c3 e6 7. Qf3 c6 8. d4 Be7 9. Nh3 Nd7 10. Nf4 Nxf4 11. Bxf4 Nf6 12. Bc4 Nd5 13. Bxd5 Qxd5 14. Qxd5 cxd5 15. a4 Bd3 16. Kd2 Bc4 17. Rhe1 g6 18. f3 Kd7 19. Nh1 a5 20. Nf2 Bd6 21. Bxd6 Kxd6 22. Ng4 Rhf8 23. Ra3 Rab8 24. Ne5 Ba6 25. g3 b6 26. h4 h5 27. Rb1 Rb7 28. b4 axb4 29. Rxb4 b5 30. axb5 Bxb5 31. Rab3 Rfb8 32. Rb2 Ke7 33. c4 dxc4 34. Nxc4 Ba6 35. Rxb7+ Rxb7 36. Rxb7+ Bxb7 37. Ke3 Bd5 38. Ne5 Kf6 39. Kf4 Kg7 40. Nd7 f6 41. Nb6 Bc6 42. g4 e5+ 43. dxe5 fxe5+ 44. Kxe5 Bxf3 45. g5 Bg4 46. Nd5 Kf7 47. Nf4 Bd1 48. Kd6 Bc2 49. Ne2 Bd3 50. Nd4 Be4 51. Ne6 Bf5 52. Nd8+ Ke8 53. Nc6 Kf7 54. Ke5 Bg4 1/2-1/2

[Event "Baden-ch AT2"]
[Site "Oberwinden"]
[Date "2007.04.12"]
[Round "7"]
[White "Gissler, Thomas"]
[Black "Machauer, Markus"]
[Result "1/2-1/2"]
[WhiteElo "1432"]
[BlackElo "1613"]
[PlyCount "44"]
[EventDate "2007.04.07"]
[EventType "swiss"]
[EventRounds "9"]
[EventCountry "GER"]
[SourceTitle "CBM 117 Extra"]
[Source "ChessBase"]
[SourceDate "2007.05.09"]
[SourceVersion "1"]
[SourceVersionDate "2007.05.09"]
[SourceQuality "1"]

1. c4 e5 2. Nc3 Nf6 3. g3 Bc5 4. Bg2 c6 5. e3 d6 6. Nge2 0-0 7. 0-0 Nbd7 8. b3 Bb6 9. Bb2 h6 10. d4 Nh7 11. d5 c5 12. f4 a6 13. Ne4 Bc7 14. fxe5 Nxe5 15. Bxe5 dxe5 16. Nxc5 Bb6 17. b4 Qd6 18. Qd3 Bxc5 19. bxc5 Qxc5 20. Rac1 Rb8 21. a4 Nf6 22. Kh1 Bd7 1/2-1/2